| 000 | 00350nam a2200157Ia 4500 | ||
|---|---|---|---|
| 100 | _aLangsam/Y/ Augenstein M | ||
| 650 | _aJava | ||
| 942 | _cBK | ||
| 366 | _f25 | ||
| 654 | _adatastructures | ||
| 245 | _aDatastructures using Java | ||
| 260 |
_bPearson Education _c2003 |
||
| 082 |
_a5.73 _bLAN |
||
| 300 | _a670 | ||
| 546 |
_aENGLISH _cPAMPHALETS |
||
| 999 |
_c24876 _d24876 |
||